Klasickí ekonómovia a genéza vývoja princípu komparatívnych výhod

Na minha lista:
Detalhes bibliográficos
Autor principal: Grančay, Martin, 1984-2024
Autor Corporativo: Ekonomická univerzita v Bratislave. Fakulta medzinárodných vzťahov
Outros Autores: Lipková, Ľudmila, Neumann, Pavel
Formato: Livro
Idioma:eslovaco
Publicado em: Bratislava Vydavateľstvo EKONÓM 2013
Edição:1. vyd.
Assuntos:
Tags: Adicionar Tag
Sem tags, seja o primeiro a adicionar uma tag!

MARC

LEADER 00000nam a2200000 4500
001 0175554
005 20240502073008.8
020 |a 978-80-225-3653-0 
041 0 |a slo 
044 |a SK 
245 1 0 |a Klasickí ekonómovia a genéza vývoja princípu komparatívnych výhod  |c Martin Grančay ; recenzenti Ľudmila Lipková, Pavel Neumann 
250 |a 1. vyd. 
264 1 |a Bratislava  |b Vydavateľstvo EKONÓM  |c 2013 
300 |a 63 s. [3,82 AH] 
610 2 0 |a výhody komparatívne 
610 2 0 |a veda ekonomická 
610 2 0 |a teórie ekonomické 
100 1 |a Grančay, Martin, 1984-2024 
700 1 |a Lipková, Ľudmila 
700 1 |a Neumann, Pavel 
710 2 |a Ekonomická univerzita v Bratislave. Fakulta medzinárodných vzťahov